000
00271nam a22001097a 4500
999
_c
16622
_d
16622
082
_a
624.1834VEN
100
_a
Venu, M
245
_a
Concrete with Non-Bio Degradable Waste and Supplementary
260
_a
New Delhi:
_b
Mcgraw-Hill,
_c
2015.
300
_a
204p. ;
942
_c
BK